Allotropes of Carbon - Statistics

General Stats
  • This quiz has been taken 48 times
  • The average score is 4 of 12
Answer Stats
Answer % Correct
Graphite
100%
Diamond
97%
Fullerenes / Buckyballs
61%
Graphene
61%
Carbon nanotubes
42%
Amorphous carbon
18%
Lonsdaleite
8%
Glassy carbon
5%
Aggregated diamond nanorods
3%
Carbon nanofoam
3%
Chaoite
3%
Diamond-like carbon (DLC)
3%
No matching quizzes found
Score Distribution
Percent of People with Each Score
Percentile by Number Answered
Your Score History
You have not taken this quiz